Responses for Show #9169 - Thursday, September 26, 2024

David Erb game 4.

Contestants

[<< previous game]

Maddie Carwile, a healthcare program coordinator from New York, New York

Alex Michev, an attorney from Richmond, Virginia

David Erb, a puzzle designer from Seattle, Washington (whose 3-day cash winnings total $90,754)

[next game >>]

Jeopardy! Round responses

WILLIAM & MARY
THAT'S ON BRAND
NATIONAL SYMBOLS
ALBUM COLLECTION
(Ken: You'll name the artist or band.)
THE GROUP OF 7
GO FISH
(Ken: Because the name of one is hidden in a word in each clue.)
    $200 18
Parliament

David
    $200 30
IKEA

David
    $200 22
1776

David
    $200 29
the Eagles

Alex
    $200 28
Japan

Alex
    $200 27
pike (in spike)

Maddie
    $1,200 11
Virginia

Maddie
    $400 19
HP

David
    $400 5
zebras

David
    $400 15
Rihanna

Triple Stumper
    $400 2
OPEC

David
    $400 10
(David: [Sighs] Sorry.)

bass (in embassies)

DavidMaddie
    $600 12
Caliban

Alex
    $600 20
Fruit of the Loom

Alex
    $600 6
the mango

David
    $600 9
Winehouse

Maddie
    $600 1
Crimea

Maddie
    $600 24
perch (in perchance)

Maddie
    $800 16
Louis XIV

Alex
    $800 21
(Alex: What is Milton Bradley?)

Hasbro

AlexMaddie
    $800 7
Belgium

Triple Stumper
    $800 13
Metallica

Alex
    $800 3
the G20 (Group of 20)

Triple Stumper
    $800 25
carp (in Mascarpone)

Maddie
    $1000 17
James II

Alex
    $1000 23
Johnnie Walker

Alex
    $1000 8
Brazil

Alex
    $1000 14
the Red Hot Chili Peppers

Alex
    $1000 4
Giorgia Meloni

Triple Stumper
    $1000 26
(Ken: I really enjoyed that clue.)

a brill (in brilliant)

Triple Stumper

Scores at the first commercial break (after clue 15):

David Alex Maddie
$1,000 $3,400 $2,800

Scores at the end of the Jeopardy! Round:

David Alex Maddie
$2,000 $6,400 $5,200

Double Jeopardy! Round responses

CLASSIC NOVELS
TREE PEOPLE?
GREAT LANDFORM
PSYCHOLOGY
FAMOUS FATHERS-IN-LAW
BEGINS & ENDS WITH...
    $400 8
Great Expectations

Alex
    $400 27
(Maddie: Who is Blue Ivy Carter?)
...
(Ken: That's the right celebrity offspring.)

Willow Smith

AlexMaddie
    $400 30
(Alex: What is Pampa?)

Pampas

AlexMaddie
    $400 28
intuition

Triple Stumper
    $400 29
Schwarzenegger

Maddie
    $400 13
prenup

Maddie
    $800 7
[Maddie did not include the leading article in her response.]

An American Tragedy

Maddie
    $800 23
(Chris) Pine

Alex
    $800 1
(Ken: Ah, we even stumped the scuba diver--what is [*]?)

a shoal

Triple Stumper
    $2,500 17
(Ken: Maddie?)
(Maddie: What is succession theory?)

sibling rivalry

Maddie
    $800 14
Saul

David
    $800 12
thwart

Maddie
    $1200 4
Madame Bovary

Alex
    $1200 24
Laurel

Maddie
    $2,000 2
arches

David
    $1200 18
masochism

Maddie
    $1200 15
Alexander Hamilton

Maddie
    $1200 9
winnow

David
    $1600 5
(David: What is... [Sighs] A Journey to India?)

A Passage to India

David
Triple Stumper
    $1600 25
Marla Maples

Alex
    $1600 3
dunes

Maddie
    $1600 19
Pavlov

Maddie
    $1600 16
Cecil B. DeMille

Triple Stumper
    $1600 10
celiac

Alex
    $2000 6
(David: What's... The Dead?)

Dead Souls

David
Triple Stumper
    $2000 26
Cherry Jones

Triple Stumper
    $2000 21
isthmus

Alex
    $2000 20
industrial

David
    $2000 22
Liszt

Maddie
    $2000 11
amphora

Alex

Scores at the end of the Double Jeopardy! Round:

David Alex Maddie
$4,400 $16,000 $13,900

[wagering suggestions for these scores]

Final Jeopardy! Round responses

STARS OF THE 20th CENTURY
(Ken: [To David] Dorothy Parker, I assume?)
[David nods.]
...
(Ken: The actress here who spent 8 days in jail, brought up on morals charges because of her play Sex, was [*].)
DavidWho is Parker? Best Family!
$123
MaddieWho is Woolf?
$2,200
AlexWho is Gertrude Stein?
$12,000
Mae West

Final scores:

David Alex Maddie
$4,277 $4,000 $11,700
2nd place: $3,000 3rd place: $2,000 New champion: $11,700

Game dynamics:

Coryat scores:

David Alex Maddie
$3,600 $16,000 $15,600
11 R
(including 1 DD),
3 W
18 R,
2 W
19 R
(including 1 DD),
2 W
(including 1 DD)

Combined Coryat: $35,200

[game clues] [game scores] [suggest correction]

Game tape date: 2024-06-03
The J! Archive is created by fans, for fans. Scraping, republication, monetization, and malicious use prohibited; this site may use cookies and collect identifying information. See terms. The Jeopardy! game show and all elements thereof, including but not limited to copyright and trademark thereto, are the property of Jeopardy Productions, Inc. and are protected under law. This website is not affiliated with, sponsored by, or operated by Jeopardy Productions, Inc. Join the discussion at JBoard.tv.